Loading...
| History - Other | 0 | 6 | 0 | 0 | 60 | 42 | 58.17 | 2 | 6 | 0.00 | 0.00 |
| History - American | 0 | 6 | 1 | 1 | 55 | 50 | 74.50 | 2 | 6 | 0.00 | 0.00 |
| History - European | 0 | 5 | 0 | 0 | 50 | 52 | 71.80 | 3 | 5 | 0.00 | 0.00 |
| History - World | 0 | 5 | 3 | 2 | 35 | 32 | 84.00 | 2 | 3 | 0.00 | 0.00 |
| Social Science | 0 | 4 | 1 | 0 | 35 | 50 | 60.50 | 2 | 3 | 0.00 | 0.00 |
| Geography/Current Events | 0 | 4 | 1 | 1 | 35 | 60 | 88.00 | 1 | 3 | 0.00 | 0.00 |
| Religion | 0 | 5 | 3 | 1 | 35 | 70 | 90.20 | 1 | 3 | 0.00 | 0.00 |
| Fine Arts - Other | 0 | 3 | 0 | 1 | 30 | 57 | 95.00 | 1 | 2 | 0.00 | 0.00 |
| Literature - British | 0 | 2 | 0 | 0 | 20 | 89 | 89.50 | 0 | 1 | 0.00 | 0.00 |
| Mythology | 0 | 2 | 0 | 0 | 20 | 83 | 84.00 | 0 | 1 | 0.00 | 0.00 |
| Fine Arts - Classical Music | 0 | 2 | 1 | 0 | 15 | 94 | 99.50 | 0 | 2 | 0.00 | 0.00 |
| Fine Arts - Visual | 0 | 1 | 0 | 1 | 10 | 123 | 123.00 | 0 | 0 | 0.00 | 0.00 |
| Other Academic | 0 | 1 | 0 | 0 | 10 | 68 | 68.00 | 0 | 1 | 0.00 | 0.00 |
| Literature - European | 0 | 1 | 0 | 0 | 10 | 104 | 104.00 | 0 | 0 | 0.00 | 0.00 |
| Literature - American | 0 | 1 | 1 | 1 | 5 | 140 | 140.00 | 1 | 1 | 0.00 | 0.00 |
| Pop Culture | 0 | 0 | 0 | 0 | 0 | 0.00 | 0 | 0 | 0.00 | 0.00 | |
| Philosophy | 0 | 0 | 1 | 0 | -5 | 0.00 | 0 | 0 | 0.00 | 0.00 | |
| Science - Other | 0 | 0 | 1 | 0 | -5 | 0.00 | 0 | 0 | 0.00 | 0.00 | |
| Literature - World/Other | 0 | 0 | 1 | 0 | -5 | 0.00 | 0 | 0 | 0.00 | 0.00 |